|
|
|
|
| LEADER |
01653nam a2200289 a 4500 |
| 001 |
3962763 |
| 008 |
101109r19951998maua b 001 0 eng d |
| 010 |
|
|
|a 94047300
|
| 020 |
|
|
|a 8120313569
|
| 020 |
|
|
|a 026208239X
|
| 040 |
|
|
|a DLC
|c DLC
|d DLC
|d BD-DhAAL
|
| 082 |
0 |
0 |
|a 006.3
|2 20
|
| 100 |
1 |
|
|a Hassoun, Mohamad H.
|
| 245 |
0 |
0 |
|a Fundamentals of artificial neural networks /
|c Mohamad H.Hassoun.
|
| 260 |
|
|
|a Cambridge, Mass
|a New Delhi;
|b MIT Press
|b Prentice-Hall,
|c c1995 [reprinted 1998]
|
| 300 |
|
|
|a xvii, 511 p. :
|b ill. ;
|c 24 cm.
|
| 504 |
|
|
|a Includes bibliographical references (p. [469]-499) and index.
|
| 541 |
|
|
|e 00012362
|
| 650 |
|
0 |
|a Neural networks (Computer science)
|
| 650 |
|
0 |
|a Artificial intelligence.
|
| 852 |
4 |
|
|a Ayesha Abed library
|j General Shelf.
|
| 999 |
|
|
|c 10090
|d 10090
|
| 952 |
|
|
|0 0
|1 0
|2 ddc
|4 0
|6 006_300000000000000_HAS
|7 0
|9 13309
|a BRACUL
|b BRACUL
|c GEN
|d 2010-11-27
|g 400.00
|l 3
|m 34
|o 006.3 HAS
|p 3010012362
|r 2023-01-29
|s 2022-08-07
|t 1
|w 2010-11-27
|y BK
|
| 952 |
|
|
|0 0
|1 0
|2 ddc
|4 0
|6 006_300000000000000_HAS
|7 0
|9 14778
|a BRACUL
|b BRACUL
|c GEN
|d 2011-03-19
|l 7
|m 9
|o 006.3 HAS
|p 3010015527
|r 2025-03-06
|s 2025-03-05
|t 2
|w 2011-03-19
|y BK
|
| 952 |
|
|
|0 0
|1 0
|2 ddc
|4 0
|6 006_300000000000000_HAS
|7 0
|9 14779
|a BRACUL
|b BRACUL
|c GEN
|d 2011-03-19
|l 10
|m 82
|o 006.3 HAS
|p 3010015526
|r 2025-10-07
|s 2025-07-17
|t 3
|w 2011-03-19
|y BK
|
| 952 |
|
|
|0 0
|1 0
|2 ddc
|4 0
|6 006_300000000000000_HAS
|7 0
|9 14780
|a BRACUL
|b BRACUL
|c GEN
|d 2011-03-19
|l 3
|m 57
|o 006.3 HAS
|p 3010006824
|q 2026-05-19
|r 2025-04-22
|s 2025-04-22
|t 4
|w 2011-03-19
|y BK
|
| 952 |
|
|
|0 0
|1 0
|2 ddc
|4 0
|6 006_300000000000000_HAS
|7 0
|9 14781
|a BRACUL
|b BRACUL
|c GEN
|d 2011-03-19
|l 4
|m 62
|o 006.3 HAS
|p 3010006823
|r 2025-12-07
|s 2025-05-07
|t 5
|w 2011-03-19
|y BK
|